The nun / (Record no. 123135)
[ view plain ]
| 000 -LEADER | |
|---|---|
| fixed length control field | 01523cam a22004094a 4500 |
| 001 - CONTROL NUMBER | |
| control field | 5414102 |
| 003 - CONTROL NUMBER IDENTIFIER | |
| control field | ARRUPE |
| 005 - DATE AND TIME OF LATEST TRANSACTION | |
| control field | 20150826143919.0 |
| 008 - FIXED-LENGTH DATA ELEMENTS--GENERAL INFORMATION | |
| fixed length control field | 041012s2005 enk b 000 f eng |
| 010 ## - LIBRARY OF CONGRESS CONTROL NUMBER | |
| LC control number | 2004024150 |
| 015 ## - NATIONAL BIBLIOGRAPHY NUMBER | |
| National bibliography number | GBA504022 |
| Source | bnb |
| 020 ## - INTERNATIONAL STANDARD BOOK NUMBER | |
| International Standard Book Number | 0192804308 (alk. paper) |
| 035 ## - SYSTEM CONTROL NUMBER | |
| System control number | (OCoLC)ocm56753086 |
| 035 ## - SYSTEM CONTROL NUMBER | |
| System control number | (NNC)5414102 |
| 040 ## - CATALOGING SOURCE | |
| Original cataloging agency | DLC |
| Transcribing agency | DLC |
| Modifying agency | UKM |
| -- | VP@ |
| -- | BAKER |
| 041 1# - LANGUAGE CODE | |
| Language code of text/sound track or separate title | eng |
| Language code of original and/or intermediate translations of text | fre |
| 042 ## - AUTHENTICATION CODE | |
| Authentication code | pcc |
| 043 ## - GEOGRAPHIC AREA CODE | |
| Geographic area code | e-fr--- |
| 050 00 - LIBRARY OF CONGRESS CALL NUMBER | |
| Classification number | PQ1979.A76 |
| Item number | E5 2005 |
| 082 00 - DEWEY DECIMAL CLASSIFICATION NUMBER | |
| Classification number | 843/.5 |
| Edition number | 22 |
| 300 ## - PHYSICAL DESCRIPTION | |
| Dimensions | 20 cm. |
| 100 1# - MAIN ENTRY--PERSONAL NAME | |
| Personal name | Diderot, Denis, |
| Dates associated with a name | 1713-1784. |
| 9 (RLIN) | 17023 |
| 240 10 - UNIFORM TITLE | |
| Uniform title | <a href="Religieuse.">Religieuse.</a> |
| Language of a work | English |
| 245 14 - TITLE STATEMENT | |
| Title | The nun / |
| Statement of responsibility, etc | Denis Diderot ; translated with an introduction and notes by Russell Goulbourne. |
| 260 ## - PUBLICATION, DISTRIBUTION, ETC. (IMPRINT) | |
| Place of publication, distribution, etc | Oxford ; |
| -- | New York : |
| Name of publisher, distributor, etc | Oxford University Press, |
| Date of publication, distribution, etc | 2005. |
| 300 ## - PHYSICAL DESCRIPTION | |
| Extent | xliii, 189 p. ; |
| 490 1# - SERIES STATEMENT | |
| Series statement | Oxford world's classics |
| 504 ## - BIBLIOGRAPHY, ETC. NOTE | |
| Bibliography, etc | Includes bibliographical references (p. [xxxvi]-xxxvii). |
| 520 ## - SUMMARY, ETC. | |
| Summary, etc | "This novel takes the life of a young girl forced by her parents to enter a convent as its subject matter and provides an insight into the effects of forced vocations"--Provided by publisher. |
| 650 #0 - SUBJECT ADDED ENTRY--TOPICAL TERM | |
| Topical term or geographic name as entry element | Nuns |
| Form subdivision | Fiction. |
| 9 (RLIN) | 18902 |
| 650 #0 - SUBJECT ADDED ENTRY--TOPICAL TERM | |
| Topical term or geographic name as entry element | Convents |
| Geographic subdivision | France |
| -- | Paris |
| Form subdivision | Fiction. |
| 9 (RLIN) | 18903 |
| 651 #0 - SUBJECT ADDED ENTRY--GEOGRAPHIC NAME | |
| Geographic name | France |
| General subdivision | Social life and customs |
| Chronological subdivision | 18th century |
| Form subdivision | Fiction. |
| 9 (RLIN) | 18904 |
| 700 1# - ADDED ENTRY--PERSONAL NAME | |
| Personal name | Goulbourne, Russell. |
| 9 (RLIN) | 18905 |
| 830 #0 - SERIES ADDED ENTRY--UNIFORM TITLE | |
| Uniform title | Oxford world's classics (Oxford University Press) |
| 9 (RLIN) | 9934 |
| 942 ## - ADDED ENTRY ELEMENTS (KOHA) | |
| Source of classification or shelving scheme | Library of Congress Classification |
| Koha item type | Monograph ( Printed materials) |
| 948 1# - LOCAL PROCESSING INFORMATION (OCLC); SERIES PART DESIGNATOR (RLIN) | |
| Series part designator, SPT (RLIN) | 20050831 |
| b (OCLC) | c |
| c (OCLC) | rf4 |
| d (OCLC) | MPS |
| Withdrawn status | Lost status | Source of classification or shelving scheme | Damaged status | Not for loan | Collection code | Home library | Current library | Shelving location | Date acquired | Total Checkouts | Full call number | Barcode | Date last seen | Date checked out | Price effective from | Koha item type |
|---|---|---|---|---|---|---|---|---|---|---|---|---|---|---|---|---|
| Library of Congress Classification | Main Collection | ARRUPE LIBRARY | ARRUPE LIBRARY | Main Collection | 26/08/2015 | 1 | PQ1979.A76 E5 2005 | 46500004159 | 26/03/2019 | 20/12/2017 | 26/08/2015 | Monograph ( Printed materials) |